| 000 | 00457nam a2200169Ia 4500 | ||
|---|---|---|---|
| 003 | GCL | ||
| 008 | 140319s9999 xx 000 0 eng d | ||
| 040 |
_aGCL / _cGCL |
||
| 082 | 0 | 4 |
_a791.437 _bH G |
| 100 | 1 | _aHAUSTRAT, G | |
| 245 | 1 | 0 |
_aLE GUIDE DU CINEMA MONDIAL: TOME 1. 1895 - 1967, TOME 2: 1968 A NOS JAURS / _cHAUSTRAT, G |
| 260 |
_a[S.N] : _bSYROS ، _c1997 |
||
| 300 | _a487 P | ||
| 650 | 0 | 4 | _aMOTION PICTURES |
| 650 | 0 | 4 | _aFILMS |
| 942 |
_2ddc _cBK |
||
| 999 |
_c16275 _d16275 |
||